Diseño del sistema de alcantarillado sanitario y sistema de tratamiento de aguas residuales para el casco urbano del Municipio de la Concepción-Masaya
El proyecto desarrollado trata de la propuesta de diseño de la red de alcantarillado sanitario y del sistema de tratamiento de las aguas residuales para el casco urbano de La Concepción; del municipio de la Concepción-Masaya.
| Main Authors: | , |
|---|---|
| Other Authors: | |
| Format: | Tesis Section = Libro |
| Language: | Undetermined Spanish |
| Published: |
Managua
UNI
2021
|
| Subjects: |
| LEADER | 01170nam a2200265Ia 4500 | ||
|---|---|---|---|
| 008 | 240830s9999 xx 000 0 und d | ||
| 040 | |a BIBLIOTECA-RUPAP Mon 628.2 E77 | ||
| 041 | |a spa | ||
| 082 | |a Mon 628.2 E77 | ||
| 100 | 1 | |a Espinoza Hernández, Joáo Allan | |
| 100 | 1 | |b Hernández Narváez, Gimmy Adonis | |
| 245 | 1 | 0 | |a Diseño del sistema de alcantarillado sanitario y sistema de tratamiento de aguas residuales para el casco urbano del Municipio de la Concepción-Masaya |
| 260 | |a Managua |b UNI |c 2021 | ||
| 300 | |a 96 p. :il. | ||
| 500 | |a Contiene: anexos y CD. | ||
| 502 | |a Tesis (Ingeniero Civil)- UNI, 2021. | ||
| 520 | 3 | |a El proyecto desarrollado trata de la propuesta de diseño de la red de alcantarillado sanitario y del sistema de tratamiento de las aguas residuales para el casco urbano de La Concepción; del municipio de la Concepción-Masaya. | |
| 650 | 7 | |a ALCANTARILLADO SANITARIO | |
| 650 | 7 | |b INGENIERIA SANITARIA | |
| 650 | 7 | |c RED DE ALCANTARILLADO-DISEÑO Y CONSTRUCCION | |
| 650 | 7 | |d TRATAMIENTO DE AGUAS RESIDUALES. | |
| 700 | 1 | |a Tutor: |b Baldizón Aguilar, María Elena | |
| 942 | |c BK |2 ddc | ||
| 991 | |a TESIS | ||
| 999 | |c 18853 | ||